Datum a čas kvízu
42
Celkem bodů
Celkový počet nahraných bodů na tomto kvízu bez doplňovacích otázek.
4.
Pořadí na kvízu
Konečné umístění týmu na tomto kvízu.
Zaznamenané odpovědi
| # | Otázka | Odpověď | Body | Výsledky |
|---|---|---|---|---|
| 1. | V pondělí byla v Praze na Lete... | ruská zneškodněná vojenská technika | 1 | |
| 2. | Nejvyšší unijní soud se postav... | sýr feta | 1 | |
| 3. | V pondělí vystoupil v pražské... | Jeff Beck, Johnny Depp | 0.5 | |
| 4. | Ve středu nám noční obloha nab... | superúplněk (superměsíc) | 1 | |
| 5. | V nejslavnější hokejové lize s... | 1A 2C 3B 4D | 0 | |
| 6. | V tomto tématu navážeme na náš... | Agent Orange, Spolana Neratovice | 0.5 | |
| 7. | Parovodní destilací nebo naklá... | neroli | 1 | |
| 8. | Vlajka na obrázku byla poprvé... | buddhismu | 1 | |
| 9. | Poznáte podle obrázku, o který... | Orange Is the New Black (Holky za mřížemi), Netflix | 1 | |
| 10. | Možná i vy máte doma takovýto... | JBL | 1 |